|
|
|
|
| LEADER |
01210nam a22003372a 4500 |
| 001 |
000051978 |
| 003 |
CZ BrMZK |
| 005 |
20060913075103.0 |
| 007 |
ta |
| 008 |
951201s1988 xr f cze d |
| 015 |
|
|
|a cnb000044008
|
| 035 |
|
|
|a (OCoLC)39406152
|
| 040 |
|
|
|a BOA001
|b cze
|
| 080 |
|
|
|a 551.44
|2 MRF
|
| 080 |
|
|
|a 796.55
|2 MRF
|
| 100 |
1 |
|
|a Bosák, Pavel,
|d 1951-
|7 jn20010309159
|4 aut
|
| 245 |
1 |
0 |
|a Jeskyňářství v teorii a praxi ; Pavel Bosák a kolektiv
|
| 250 |
|
|
|a 1.vyd.
|
| 260 |
|
|
|a Praha :
|b Státní zemědělské nakladatelství,
|c 1988
|
| 300 |
|
|
|a 215 s.
|
| 490 |
1 |
|
|a Lesnictví, myslivost a vodní hospodářství
|
| 504 |
|
|
|a Obsahuje bibliografii
|
| 550 |
|
|
|a Vydavatel: Česká speleologická společnost
|
| 710 |
2 |
|
|a Česká speleologická společnost
|7 ko2002110298
|
| 830 |
|
0 |
|a Lesnictví, myslivost a vodní hospodářství
|0 s
|
| 910 |
|
|
|a BOA001
|b PK-0110.580
|b 2-0940.743
|
| 920 |
|
|
|a 000204948
|
| 964 |
|
|
|a Speleologie - příručky
|
| 990 |
|
|
|a BK
|
| 996 |
6 |
|
|b 2619911099
|c 2-0940.743
|l MZK
|r Sklad / do 1 hodiny
|n 17
|w 000051978
|u 000020
|a 1
|e BOA001
|j MZK50
|s P
|
| 996 |
7 |
|
|b 3119977620
|c PK-0110.580
|l MZK
|r Sklad / do 1 hodiny
|n 27
|w 000051978
|u 000010
|a 1
|e BOA001
|j MZK50
|s A
|